MARC details
| 000 -CABECERA |
| campo de control de longitud fija |
01490nam a2200217 u 4500 |
| 001 - NÚMERO DE CONTROL |
| campo de control |
000003314 |
| 005 - FECHA Y HORA DE LA ÚLTIMA TRANSACCIÓN |
| campo de control |
20200929150418.0 |
| 008 - DATOS DE LONGITUD FIJA--INFORMACIÓN GENERAL |
| campo de control de longitud fija |
090707s1982 dr r 000 0 spa d |
| 040 ## - FUENTE DE LA CATALOGACIÓN |
| Centro catalogador/agencia de origen |
DO-SdBNP |
| Lengua de catalogación |
spa |
| Centro/agencia transcriptor |
BNPHU |
| 082 ## - NÚMERO DE LA CLASIFICACIÓN DECIMAL DEWEY |
| Número de clasificación |
330.97293 |
| Número de documento/Ítem |
P581a |
| 100 1# - ENTRADA PRINCIPAL--NOMBRE DE PERSONA |
| Nombre de persona |
Piantini Munnigh, Luis Manuel |
| 9 (RLIN) |
10409 |
| 245 10 - MENCIÓN DE TÍTULO |
| Título |
Apuntes de economía y política / |
| Mención de responsabilidad, etc. |
Luis Manuel Piantini; prólogo Willian Napoleón Liriano. |
| 260 ## - PUBLICACIÓN, DISTRIBUCIÓN, ETC. |
| Lugar de publicación, distribución, etc. |
Santo Domingo : |
| Nombre del editor, distribuidor, etc. |
Amigo del Hogar, |
| Fecha de publicación, distribución, etc. |
1982. |
| 300 ## - DESCRIPCIÓN FÍSICA |
| Extensión |
114 p. ; |
| Dimensiones |
22 cm. |
| 505 2# - NOTA DE CONTENIDO CON FORMATO |
| Título |
Prisma económico -- |
| -- |
Perspectiva del mercado azucarero -- |
| -- |
Sobre el sector industrial -- |
| -- |
Sobre la liquidez del sistema - |
| -- |
El financiamiento del desarrollo -- |
| -- |
Un acuerdo y un reconocimiento -- |
| -- |
Medidas aplicables ante el actual estado de emergencia -- |
| -- |
Reflexiones económicas en relación a dos nuevos proyectos de ley -- |
| -- |
Economía y cristianismo -- |
| -- |
Solución a la problemática de los vehículos de motor -- |
| -- |
Recordando al poeta y restaurador Manuel Rodríguez Objío -- |
| -- |
Aflojémosle la soga al burro -- |
| -- |
La potranca coja -- |
| -- |
La hamaca y la colombina -- |
| -- |
La monstruosa mentira nacional -- |
| -- |
Carta de dos náufragos -- |
| -- |
Los poderes del Estado -- |
| -- |
La prenda de la autenticidad -- |
| -- |
Reflexiones económicas. |
| 590 ## - NOTA LOCAL (RLIN) |
| Nota local |
Inventariado, 2018/ YL |
| 651 #4 - PUNTO DE ACCESO ADICIONAL DE MATERIA--NOMBRE GEOGRÁFICO |
| Nombre geográfico |
República Dominicana |
| Subdivisión general |
Condiciones Económicas |
| 9 (RLIN) |
281 |
| 651 #4 - PUNTO DE ACCESO ADICIONAL DE MATERIA--NOMBRE GEOGRÁFICO |
| Nombre geográfico |
República Dominicana |
| Subdivisión general |
Política Económica |
| 9 (RLIN) |
643 |
| 700 1# - PUNTO DE ACCESO ADICIONAL--NOMBRE DE PERSONA |
| Nombre de persona |
Liriano, Willian Napoleón, |
| Término indicativo de función/relación |
pról. |
| 9 (RLIN) |
10410 |
| 910 ## - DATOS DE OPCIÓN DEL USUARIO (OCLC) |
| Datos de opción del usuario |
Validado. Control de calidad MMOLINA |